[Event "ROM-ch U10"]
[Site "Calimanesti Caciulata"]
[Date "2019.04.21"]
[Round "8"]
[White "Lupse, Ioan"]
[Black "Popescu, Alexandru Mihai"]
[Result "0-1"]
[WhiteElo "1038"]
[BlackElo "1380"]
[PlyCount "92"]
[EventDate "2019.04.15"]
[EventType "swiss"]
[EventRounds "9"]
[EventCountry "ROU"]
[SourceTitle "CBM 190 Extra"]
[Source "ChessBase"]
[SourceDate "2019.07.15"]
[SourceVersion "1"]
[SourceVersionDate "2019.07.15"]
[SourceQuality "1"]

1. e4 d5 2. exd5 Nf6 3. Bb5+ Bd7 4. Bc4 Bf5 5. Nc3 Nbd7 6. Nf3 Nb6 7. Bb3 Nbxd5 8. Nxd5 Nxd5 9. 0-0 e6 10. Re1 Be7 11. d3 0-0 12. Be3 Nxe3 13. Rxe3 Bg4 14. Qe2 Bf6 15. c3 c5 16. h3 Bf5 17. g4 Bg6 18. Rd1 h5 19. g5 Bxg5 20. Nxg5 Qxg5+ 21. Rg3 Qe7 22. d4 cxd4 23. cxd4 h4 24. Rg2 Qf6 25. d5 exd5 26. Rxd5 Rfe8 27. Qd2 Be4 28. Rdg5 Bxg2 29. Rxg2 Rad8 30. Qg5 Qxg5 31. Rxg5 Re2 32. Rd5 Rxd5 33. Bxd5 Rxb2 34. Bb3 Kf8 35. Kg2 f6 36. Kf3 Ke7 37. Ke3 Kd6 38. Kf4 Rxf2+ 39. Kg4 g5 40. Kh5 Rf3 41. Kg6 Ke5 42. Kh5 Rxh3 43. Kg4 Rg3+ 44. Kh5 Rxb3 45. axb3 h3 46. Kg6 h2 0-1

[Event "ROM-ch U10"]
[Site "Calimanesti Caciulata"]
[Date "2019.04.18"]
[Round "5"]
[White "Tanasie, Cosmin"]
[Black "Lupse, Ioan"]
[Result "1-0"]
[WhiteElo "1154"]
[BlackElo "1038"]
[PlyCount "59"]
[EventDate "2019.04.15"]
[EventType "swiss"]
[EventRounds "9"]
[EventCountry "ROU"]
[SourceTitle "CBM 190 Extra"]
[Source "ChessBase"]
[SourceDate "2019.07.15"]
[SourceVersion "1"]
[SourceVersionDate "2019.07.15"]
[SourceQuality "1"]

1. d4 d5 2. c4 e6 3. Nc3 c6 4. Bf4 dxc4 5. e3 b5 6. a4 b4 7. Ne4 Qd5 8. Ng3 Ba6 9. e4 Qa5 10. Nf3 b3+ 11. Bd2 Qb6 12. Rc1 c3 13. Bxc3 Bb4 14. Qxb3 Ba5 15. Qxb6 Bxc3+ 16. Rxc3 axb6 17. Bxa6 Nxa6 18. Rxc6 b5 19. axb5 Nb4 20. Rc4 Ra1+ 21. Ke2 Rxh1 22. Nxh1 Ke7 23. Rxb4 Nf6 24. b6 Rb8 25. Kd3 Ng4 26. Kc4 Kd6 27. Kb5 Nf6 28. e5+ Kd5 29. exf6 Kd6 30. fxg7 1-0

[Event "ROM-ch U08"]
[Site "Baile Felix"]
[Date "2017.02.03"]
[Round "2"]
[White "Ianchis, David Cristian"]
[Black "Lupse, Ioan"]
[Result "1-0"]
[WhiteElo "1001"]
[BlackElo "1037"]
[PlyCount "82"]
[EventDate "2017.02.02"]
[EventType "swiss"]
[EventRounds "9"]
[EventCountry "ROU"]
[SourceTitle "CBM 176 Extra"]
[Source "ChessBase"]
[SourceDate "2017.03.02"]
[SourceVersion "1"]
[SourceVersionDate "2017.03.02"]
[SourceQuality "1"]

1. e4 e5 2. Nf3 Nc6 3. Bc4 Bc5 4. c3 Nf6 5. d4 exd4 6. cxd4 Bb4+ 7. Nc3 Nxe4 8. 0-0 Nxc3 9. bxc3 Bxc3 10. Qb3 Bxa1 11. Bxf7+ Kf8 12. Bg5 Na5 13. Qb4+ d6 14. Bxd8 Kxf7 15. Rxa1 Nc6 16. Qc4+ Ke8 17. Bg5 Bd7 18. Re1+ Kf8 19. d5 Na5 20. Qe2 Re8 21. Be7+ Kf7 22. Qe4 b6 23. Ng5+ Kg8 24. Ne6 Rxe7 25. Qf5 Rf7 26. Qg5 Nb7 27. f4 h6 28. Qg6 Be8 29. Nd8 Nxd8 30. Rxe8+ Rf8 31. Rxf8+ Kxf8 32. Qf5+ Ke8 33. Qc8 Ke7 34. Qxc7+ Ke8 35. Qxd6 Rf8 36. Qe5+ Kd7 37. g3 Re8 38. Qxg7+ Re7 39. Qxh6 Re4 40. Kf2 Nf7 41. Qc6+ Ke7 1-0

[Event "ROM-ch U08"]
[Site "Baile Felix"]
[Date "2017.02.02"]
[Round "1"]
[White "Lupse, Ioan"]
[Black "Buzuriu, Razvan Florin"]
[Result "0-1"]
[WhiteElo "1037"]
[BlackElo "1363"]
[PlyCount "42"]
[EventDate "2017.02.02"]
[EventType "swiss"]
[EventRounds "9"]
[EventCountry "ROU"]
[SourceTitle "CBM 176 Extra"]
[Source "ChessBase"]
[SourceDate "2017.03.02"]
[SourceVersion "1"]
[SourceVersionDate "2017.03.02"]
[SourceQuality "1"]

1. e4 c5 2. Nc3 d6 3. Nf3 Nf6 4. Bc4 g6 5. d3 Bg7 6. e5 dxe5 7. Nxe5 0-0 8. Nxf7 Rxf7 9. Bxf7+ Kxf7 10. 0-0 Nc6 11. Qf3 Be6 12. Bg5 Rb8 13. Rae1 Qd7 14. Ne4 b6 15. Qf4 Rd8 16. Re3 Nd4 17. Nxf6 Bxf6 18. Bxf6 exf6 19. Qe4 Nxc2 20. Re2 Nd4 21. Re3 Bxa2 0-1

[Event "ROM-ch U08"]
[Site "Calimanesti Caciulata"]
[Date "2016.04.21"]
[Round "4"]
[White "Lupse, Ioan"]
[Black "Strajan, Andrei Mihai"]
[Result "0-1"]
[WhiteElo "1001"]
[BlackElo "1031"]
[PlyCount "45"]
[EventDate "2016.04.18"]
[EventType "swiss"]
[EventRounds "9"]
[EventCountry "ROU"]
[SourceTitle "CBM 172 Extra"]
[Source "ChessBase"]
[SourceDate "2016.06.21"]
[SourceVersion "1"]
[SourceVersionDate "2016.06.21"]
[SourceQuality "1"]

1. e4 c5 2. Nf3 d6 3. Bc4 e6 4. Nc3 Nc6 5. 0-0 Nf6 6. d3 Be7 7. Bg5 0-0 8. Qe2 b6 9. Rfe1 a6 10. b3 b5 11. e5 dxe5 12. Qe3 bxc4 13. bxc4 Nb4 14. Rab1 Nxa2 15. Nxa2 Ng4 16. Qe2 Bxg5 17. Nxg5 Qxg5 18. Rb2 Qh4 19. h3 Nh6 20. g3 Qxh3 21. Qe4 Ng4 22. Qg2 Qh6 23. Rd1 0-1

[Event "ROM-ch U08"]
[Site "Calimanesti Caciulata"]
[Date "2016.04.20"]
[Round "3"]
[White "Stoica, Matei Gabriel"]
[Black "Lupse, Ioan"]
[Result "1-0"]
[WhiteElo "1065"]
[BlackElo "1001"]
[PlyCount "31"]
[EventDate "2016.04.18"]
[EventType "swiss"]
[EventRounds "9"]
[EventCountry "ROU"]
[SourceTitle "CBM 172 Extra"]
[Source "ChessBase"]
[SourceDate "2016.06.21"]
[SourceVersion "1"]
[SourceVersionDate "2016.06.21"]
[SourceQuality "1"]

1. e4 e5 2. Nf3 Nc6 3. Nc3 Nf6 4. Bb5 Bb4 5. d3 d6 6. Bg5 Bg4 7. h3 a6 8. Bxc6+ bxc6 9. hxg4 Nxg4 10. Bxd8 Bc5 11. 0-0 Nxf2 12. Rxf2 Bxf2+ 13. Kxf2 Rxd8 14. Ng5 0-0 15. Qh5 g6 16. Qxh7# 1-0